Sporting CP All-Time Starting XI - Statistics

General Stats
  • This quiz has been taken 68 times
  • The average score is 4 of 13
Answer Stats
Position Player % Correct
GK (2006-18) Rui Patrício
88%
12th player (2002-03) Cristiano Ronaldo
74%
FW (1937-49) Fernando Peyroteo
48%
FW (1975-87) Manuel Fernandes
47%
FW (1989-95) Luís Figo
33%
MF (1946-59) José Travassos
28%
MF (1991-95) Krassimir Balakov
28%
DF (1958-73) Hilário
19%
MF (1984-91/94-98) Oceano
17%
DF (1994-2006) Beto
16%
Coach (1937-44) József Szabó
14%
DF (1958-69) João Morais
7%
DF (1938-48) Álvaro Cardoso
0%
No matching quizzes found
Score Distribution
Percent of People with Each Score
Percentile by Number Answered
Your Score History
You have not taken this quiz